000 00608nam a22002297a 4500
003 UA-OsUOA
001 48454
007 ta
008 20070906b un ||||| |||| 00| 0 ukr d
100 _aКодацька Л.
090 _a82.09
_bК55
942 _cBK
040 _aUA-OsUOA
_bukr
_cUA-OsUOA
_dUA-OsUOA
245 _aХудожня проза Т. Г. Шевченка
300 _a323 с.
955 _a2
041 _aukr
080 _a82.09
260 _aК.
_bНаукоав думка
_c1972
650 7 _a82 Література. Літературознавство
_2UDC
999 _c334563
_d334563